鉄道唱歌 東海道線編(20番迄) - Statistics

General Stats
  • This quiz has been taken 45 times
  • The average score is 18 of 80
Answer Stats
ヒント/Hint 解答/Answer % Correct
1 汽笛一聲新橋を
93%
はや我汽車は離れたり
90%
愛宕の山に入りのこる
77%
月を旅路の友として
73%
2 右は高輪泉岳寺
50%
四十七士の墓どころ
50%
5 鶴見神奈川あとにして
47%
山は上總か房州か
43%
4 梅に名をえし大森を
43%
大師河原は程ちかし
43%
雪は消えても消え残る
40%
急げや電氣の道すぐに
40%
ゆけば横濱ステーション
40%
名は千載の後までも
37%
海のあなたにうすがすむ
37%
煙は空をこがすまで
37%
呼ばれておるゝ大船の
37%
すぐれば早も川崎の
33%
湊を見れば百舟の
33%
6 横須賀ゆきは乘替と
33%
3 窗より近く品川の
30%
臺場も見えて波白く
30%
つぎは鎌倉鶴が岡
30%
源氏の古跡や尋ね見ん
27%
7 八幡宮の石段に
23%
見よやドツクに集まりし
23%
立てる一木の大鴨脚樹
20%
別當公曉のかくれしと
20%
歴史にあるは此蔭よ
20%
幕府のあとは何かたぞ
20%
松風さむく日は暮れて
20%
11 支線をあとに立ちかへり
20%
わたる相模の馬入川
20%
海水浴に名を得たる
20%
大磯見えて波すゞし
20%
酒匂小田原とほからず
20%
8 こゝに開きし頼朝が
17%
我が軍艦の壮大を
17%
下ゆく水のおもしろさ
17%
われも登山をこゝろみん
17%
こたへぬ石碑は苔あをし
13%
12 國府津おるれば馬車ありて
13%
前後は山北小山驛
13%
今もわすれぬ鐵橋の
13%
16 三島は近年ひらけたる
13%
豆相線路のわかれみち
13%
19 世に名も高き興津鯛
13%
9 北は圓覺建長寺
10%
南は大佛星月夜
10%
片瀬腰越江の島も
10%
たゞ半日の道ぞかし
10%
はや横須賀に着きにけり
10%
14 はるかにみえし富士の嶺は
10%
はや我そばに來りたり
10%
いつもけだかき姿にて
10%
15 こゝぞ御殿場夏ならば
10%
驛には此地の名をえたる
10%
官幣大社の宮居あり
10%
春は花さく桃のころ
10%
夏はすゞしき海のそば
10%
18 鳥の羽音におどろきし
10%
今は汽車ゆく富士川を
10%
下るは身延の歸り舟
10%
鐘の音ひゞく清見寺
10%
清水につゞく江尻より
10%
ゆけば程なき久能山
10%
10 汽車より逗子を眺めつつ
7%
箱根八里の山道も
7%
13 いでゝはくゞるトン子ルの
7%
雪の冠雲の帶
7%
17 沼津の海に聞えたる
7%
里は牛伏我入道
7%
平家の話は昔にて
7%
20 三保の松原田子の浦
7%
さかさにうつる富士の嶺を
7%
波にながむる舟人は
7%
あれ見よ雲の間より
3%
高さは一萬数千尺
3%
十三州もたゞ一目
3%
夏も冬とや思ふらん
3%
No matching quizzes found
Score Distribution
Percent of People with Each Score
Percentile by Number Answered
Your Score History
You have not taken this quiz